Report of 1915 Legislature committee on mental deficiency and the proposed institution for the care of feeble-minded and epileptic persons, (Record no. 20084)
[ view plain ]
| 000 -LEADER | |
|---|---|
| fixed length control field | 01236cam a22002291 4500 |
| 001 - CONTROL NUMBER | |
| control field | e 17000304 |
| 003 - CONTROL NUMBER IDENTIFIER | |
| control field | DLC |
| 005 - DATE AND TIME OF LATEST TRANSACTION | |
| control field | 20260227111207.0 |
| 008 - FIXED-LENGTH DATA ELEMENTS--GENERAL INFORMATION | |
| fixed length control field | 790213s1917 xx 000 0 eng c |
| 010 ## - LIBRARY OF CONGRESS CONTROL NUMBER | |
| LC control number | e 17000304 |
| 035 ## - SYSTEM CONTROL NUMBER | |
| System control number | (OCoLC)4650517 |
| 040 ## - CATALOGING SOURCE | |
| Original cataloging agency | Library, U.S. Bur. of Education |
| Transcribing agency | OCl |
| Modifying agency | DLC |
| 050 00 - LIBRARY OF CONGRESS CALL NUMBER | |
| Classification number | HV3006.C2 |
| Item number | A45 |
| 110 1# - MAIN ENTRY--CORPORATE NAME | |
| Corporate name or jurisdiction name as entry element | California. |
| Subordinate unit | Legislature. |
| -- | Committee on mental deficiency and the proposed institution for the care of feeble-minded and epileptic persons. |
| 245 00 - TITLE STATEMENT | |
| Title | Report of 1915 Legislature committee on mental deficiency and the proposed institution for the care of feeble-minded and epileptic persons, |
| Remainder of title | pursuant to the provisions of chapter 729, statutes of 1915, |
| Statement of responsibility, etc. | by the committee: Fred. C. Nelles, chairman. Transmitted to the Legislature, January 1917. |
| 260 ## - PUBLICATION, DISTRIBUTION, ETC. | |
| Place of publication, distribution, etc. | [Whittier, Cal., |
| Name of publisher, distributor, etc. | Whittier state school, Dept. of printing instruction, |
| Date of publication, distribution, etc. | 1917] |
| 300 ## - PHYSICAL DESCRIPTION | |
| Extent | 68, 16 p., 1 l., vi p. |
| Other physical details | diagrs. |
| Dimensions | 23 cm. |
| 500 ## - GENERAL NOTE | |
| General note | "Note" inserted after p. vi. |
| 500 ## - GENERAL NOTE | |
| General note | Committee composed of superintendent and trustees of Whittier state school and two persons designated by the Psychopathic association of California. |
| 650 #0 - SUBJECT ADDED ENTRY--TOPICAL TERM | |
| Topical term or geographic name entry element | People with mental disabilities. |
| 700 1# - ADDED ENTRY--PERSONAL NAME | |
| Personal name | Nelles, Fred. C. |
No items available.